Harry Potter Chain: Deathly Hallows Quiz Stats

 Plays Quiz Updated Dec 10, 2018

Support Sporcle.
Go Orange.
Score 0/35 Timer 04:00
0 Plays Today
% Correct
???
92%
???
78.5%
???
68.1%
???
64.9%
???
64.8%
???
64.7%
???
63.1%
???
60.1%
???
56.5%
???
56.2%
???
51.1%
???
50%
???
49.8%
???
45.3%
???
44.3%
???
40.4%
???
39.8%
???
39.4%
% Correct
???
38.6%
???
37%
???
35.4%
???
33%
???
32.8%
???
21.6%
???
21.3%
???
21%
???
20.9%
???
20.6%
???
20.2%
???
19.7%
???
18.5%
???
17.3%
???
16.8%
???
16.8%
???
16.3%

You're not logged in!

Compare scores with friends on all Sporcle quizzes.
OR
Log In
Forgot?

From the Vault

Sporcle Categorical Literature

by Pushcake

It's best to do this quiz by the book.
Remove Ads.
Support Sporcle.
Get the best of Sporcle when you Go Orange. This ad-free experience offers more features, more stats, and more fun while also helping to support Sporcle. Thank you for becoming a member.

Show Comments

Extras

Top Quizzes Today


Score Distribution

Your Account Isn't Verified!

In order to create a playlist on Sporcle, you need to verify the email address you used during registration. Go to your Sporcle Settings to finish the process.

Report this User

Report this user for behavior that violates our Community Guidelines.

Details: